| 000 | 00377nam a2200145Ia 4500 | ||
|---|---|---|---|
| 008 | 240624s9999 xx 000 0 und d | ||
| 041 | _aeng | ||
| 082 | _a004.6 FIT | ||
| 100 | _aFITZGERALD JERRY | ||
| 245 | _aBUSINESS DATA COMMUNICATIONS AND NETWORK | ||
| 250 | _a(8th ed.) | ||
| 260 |
_c2007 _aNew Delhi _bWiley India |
||
| 300 | _axiv, , 546 , 25 , p. , cm. | ||
| 365 |
_c _b29 |
||
| 999 |
_c6951 _d6951 |
||